[Event "SLO-chT1 West"]
[Site "Ljubljana"]
[Date "2015.11.29"]
[Round "8"]
[White "Ribicic, Marko"]
[Black "Grabovac, Rajko"]
[Result "0-1"]
[WhiteElo "1842"]
[BlackElo "1821"]
[PlyCount "112"]
[EventDate "2015.10.16"]
[EventType "team-tourn"]
[EventRounds "9"]
[EventCountry "SLO"]
[SourceTitle "EXT 2019"]
[Source "ChessBase"]
[SourceDate "2018.10.10"]
[SourceVersion "1"]
[SourceVersionDate "2018.10.10"]
[SourceQuality "1"]
[WhiteTeam "Piran"]
[BlackTeam "Kocevje"]
[WhiteTeamCountry "SLO"]
[BlackTeamCountry "SLO"]

1. Nf3 d6 2. d4 g6 3. Bf4 Bg7 4. c3 Nf6 5. h3 0-0 6. e3 Ne4 7. Nbd2 f5 8. Qb3+ d5 9. Bd3 e6 10. Qc2 Nd7 11. 0-0 c5 12. Rac1 b6 13. c4 a5 14. cxd5 exd5 15. Bb5 Bb7 16. Qa4 Ndf6 17. Rfd1 c4 18. Ne5 Rc8 19. f3 Nd6 20. Bd7 Rc7 21. Bc6 Ba6 22. Nd7 Rxd7 23. Bxd7 b5 24. Be6+ Kh8 25. Qc2 Qe7 26. e4 fxe4 27. fxe4 Qxe6 28. Bxd6 Qxd6 29. e5 Qb6 30. exf6 Qxd4+ 31. Kh1 Bxf6 32. Rf1 b4 33. Rcd1 Qb6 34. Rf4 Kg7 35. Nf3 Qd6 36. Nd4 Re8 37. Qf2 Rf8 38. Re1 Bc8 39. Rf1 Bd7 40. h4 h6 41. g4 g5 42. Nf5+ Bxf5 43. Rxf5 d4 44. h5 Qc6+ 45. Kg1 a4 46. Ra5 Qe4 47. Ra7+ Kg8 48. Qf5 Qxf5 49. Rxf5 d3 50. Rc7 c3 51. bxc3 bxc3 52. Rd5 d2 53. Rdd7 Rd8 54. Rxd8+ Bxd8 55. Rd7 Bb6+ 56. Kf1 c2 0-1

[Event "SLO-chT1 West"]
[Site "Ljubljana"]
[Date "2014.10.03"]
[Round "1"]
[White "Znidaric, Anze"]
[Black "Grabovac, Rajko"]
[Result "0-1"]
[WhiteElo "2029"]
[BlackElo "1840"]
[PlyCount "74"]
[EventDate "2014.10.03"]
[EventType "team-tourn"]
[EventRounds "9"]
[EventCountry "SLO"]
[SourceTitle "EXT 2019"]
[Source "ChessBase"]
[SourceDate "2018.10.10"]
[SourceVersion "1"]
[SourceVersionDate "2018.10.10"]
[SourceQuality "1"]
[WhiteTeam "Tomo Zupan Vzajemna"]
[BlackTeam "Kocevje"]
[WhiteTeamCountry "SLO"]
[BlackTeamCountry "SLO"]

1. Nf3 e6 2. d4 d5 3. g3 Nc6 4. Bg2 Nf6 5. 0-0 Bd6 6. c4 Ne4 7. b3 f5 8. Bb2 h5 9. Nc3 h4 10. Nxe4 fxe4 11. Nxh4 Rxh4 12. gxh4 Qxh4 13. f4 Bxf4 14. Rxf4 Qxf4 15. Kh1 Bd7 16. e3 Qh6 17. Qe1 0-0-0 18. Qg3 Rh8 19. Rf1 Ne7 20. Bh3 g6 21. Kg2 Nf5 22. Bxf5 exf5 23. cxd5 g5 24. Kh1 Rf8 25. Ba3 Rf7 26. Rc1 Be8 27. Qe5 Kd8 28. d6 c6 29. d7 Bxd7 30. Qb8+ Bc8 31. d5 Rc7 32. dxc6 Qh5 33. Rf1 Qe2 34. Rxf5 Qd1+ 35. Kg2 Qg4+ 36. Kh1 Qxf5 37. Be7+ Rxe7 0-1

[Event "Ljubljana-chT 66th 1st League"]
[Site "Ljubljana"]
[Date "2013.02.14"]
[Round "5.2"]
[White "Grabovac, Rajko"]
[Black "Pecnik, Primoz"]
[Result "1-0"]
[WhiteElo "1868"]
[BlackElo "1846"]
[PlyCount "51"]
[EventDate "2013.01.10"]
[EventType "team-tourn"]
[EventRounds "9"]
[EventCountry "SLO"]
[SourceTitle "EXT 2022"]
[Source "ChessBase"]
[SourceDate "2021.10.06"]
[SourceVersion "1"]
[SourceVersionDate "2021.10.06"]
[SourceQuality "1"]
[WhiteTeam "Zeleznicar"]
[BlackTeam "Klinicni Center II"]
[WhiteTeamCountry "SLO"]
[BlackTeamCountry "SLO"]

1. e4 d5 2. e5 c5 3. f4 Nc6 4. Nf3 Bf5 5. Bb5 Qb6 6. Bxc6+ bxc6 7. Nh4 Nh6 8. Nxf5 Nxf5 9. e6 fxe6 10. c3 g6 11. Qe2 Kd7 12. 0-0 Qb5 13. d3 Qb8 14. Re1 Qd6 15. b4 cxb4 16. g4 Ng7 17. cxb4 Qxb4 18. Bb2 d4 19. Na3 Qd6 20. Nc4 Qd5 21. Qf2 c5 22. Qc2 Kd8 23. Ne5 Rg8 24. Qa4 Nf5 25. Nf7+ Kc8 26. Re5 1-0

[Event "Ljubljana-chT 64th 2nd League"]
[Site "Ljubljana"]
[Date "2011.01.13"]
[Round "1.2"]
[White "Grabovac, Rajko"]
[Black "Novakovic, Gosto"]
[Result "0-1"]
[WhiteElo "1656"]
[BlackElo "1710"]
[PlyCount "94"]
[EventDate "2011.01.13"]
[EventType "team-tourn"]
[EventRounds "9"]
[EventCountry "SLO"]
[SourceTitle "EXT 2022"]
[Source "ChessBase"]
[SourceDate "2021.10.06"]
[SourceVersion "1"]
[SourceVersionDate "2021.10.06"]
[SourceQuality "1"]

1. e4 e6 2. Nf3 d5 3. e5 Bc5 4. d4 Bb6 5. Bg5 Ne7 6. Bd3 Nbc6 7. c3 h6 8. Bh4 Qd7 9. b4 a6 10. a4 Nf5 11. a5 Ba7 12. b5 Nce7 13. Na3 0-0 14. Qe2 Nxh4 15. Nxh4 f5 16. exf6 Rxf6 17. g4 e5 18. Bf5 Nxf5 19. gxf5 exd4 20. 0-0 Qf7 21. c4 Bxf5 22. Nxf5 Rxf5 23. Kh1 dxc4 24. bxa6 bxa6 25. Nxc4 Qd5+ 26. f3 Raf8 27. Ra3 g5 28. h3 Bc5 29. Rb3 Qf7 30. Nd2 Qh5 31. Qe6+ Kg7 32. Kg2 Bd6 33. Ne4 Bf4 34. Qd7+ R8f7 35. Qxd4+ Be5 36. Qd3 Qh4 37. Rf2 h5 38. Qd8 Qxe4 39. Rd2 Qf4 40. Kh1 Qg3 41. Rg2 Qxh3+ 42. Kg1 g4 43. Rb8 Qxf3 44. Qh8+ Kg6 45. Rg8+ Bg7 46. Rxg7+ Rxg7 47. Qe8+ Kh7 0-1